| Tag |
First Indicator |
Second Indicator |
Subfields |
| LEADER |
00000cam a22000001a 4500 |
| 001 |
in00003770021 |
| 005 |
20190408185605.0 |
| 006 |
m o d f |
| 007 |
cr bn mmmapmmp |
| 008 |
141211s1932 dcu o f000 0 eng d |
| 035 |
|
|
|a ebd1910602054
|
| 040 |
|
|
|a UMI
|c UMI
|d UtOrBLW
|
| 086 |
0 |
|
|a N 15.7/1:932
|
| 099 |
|
|
|a N15.7-1.37
|
| 110 |
2 |
|
|a Naval War College (U.S.)
|0 http://id.loc.gov/authorities/names/n80119887
|
| 245 |
1 |
0 |
|a International law situations, with solutions and notes, 1932.
|
| 264 |
|
1 |
|a [Washington] :
|b GPO,
|c 1932.
|
| 300 |
|
|
|a 1 online resource (v+147 pages)
|
| 336 |
|
|
|a text
|b txt
|2 rdacontent
|
| 337 |
|
|
|a computer
|b c
|2 rdamedia
|
| 338 |
|
|
|a online resource
|b cr
|2 rdacarrier
|
| 500 |
|
|
|a Covers belligerent vessels in neutral waters, artificial structures and maritime jurisdiction, and boycotts of belligerent states; with historical examples.
|
| 500 |
|
|
|a Some documents include selected French language text.
|
| 533 |
|
|
|a Electronic reproduction.
|b [Bethesda, Md.] :
|c ProQuest,
|d 2014.
|e digital, PDF file.
|n ProQuest U.S. Executive Branch Documents
|n Mode of access: World Wide Web via ProQuest website.
|
| 588 |
|
|
|a Record is based on online resource; title from PDF title page (ProQuest, last viewed Dec. 2014). Reuse except for individual research requires license from ProQuest, LLC.
|
| 500 |
|
|
|a Electronic resource.
|
| 650 |
|
0 |
|a Airplanes, Military.
|0 http://id.loc.gov/authorities/subjects/sh85002934
|
| 650 |
|
0 |
|a Armored vessels.
|0 http://id.loc.gov/authorities/subjects/sh85007335
|
| 650 |
|
0 |
|a Boycotts.
|0 http://id.loc.gov/authorities/subjects/sh85016199
|
| 650 |
|
0 |
|a Neutrality.
|0 http://id.loc.gov/authorities/subjects/sh85091195
|
| 655 |
|
7 |
|a Electronic books.
|2 local
|
| 856 |
4 |
0 |
|u http://proxy.library.tamu.edu/login?url=http://congressional.proquest.com/congressional/docview/t66.d71.n15.7-1.37
|z Connect to the full text of this electronic document
|t 0
|
| 999 |
f |
f |
|s d589b20c-2bd3-36d8-8c07-b1eeeedcbde8
|i 6d4eae78-ac59-32eb-8398-d17871c96c45
|t 0
|
| 952 |
f |
f |
|a Texas A&M University
|b College Station
|c Electronic Resources
|d Available Online
|t 0
|h No information provided
|
| 998 |
f |
f |
|t 0
|l Available Online
|